Энергетическое обследование - первый шаг на пути к эффективному энергопотреблению; Томский политехник; Вып. 20

Λεπτομέρειες βιβλιογραφικής εγγραφής
Parent link:Томский политехник: ежегодный журнал/ Томский политехнический университет (ТПУ), Ассоциация выпускников.— , 1995-
Вып. 20.— 2015.— [С. 50-55
Κύριος συγγραφέας: Ушаков В. Я. Василий Яковлевич
Συλλογικό Έργο: Национальный исследовательский Томский политехнический университет (ТПУ) Энергетический институт (ЭНИН) Кафедра электрических сетей и электротехники (ЭСиЭ), Национальный исследовательский Томский политехнический университет (ТПУ) Энергетический институт (ЭНИН) Региональный учебно-научно-технологический центр ресурсосбережения (РЦР)
Άλλοι συγγραφείς: Харлов Н. Н. Николай Николаевич
Περίληψη:Заглавие с титульного листа
Γλώσσα:Ρωσικά
Αγγλικά
Έκδοση: 2015
Θέματα:
Διαθέσιμο Online:http://www.lib.tpu.ru/fulltext/v/Tomsk_polytechnic/2015/005.pdf
Μορφή: Ηλεκτρονική πηγή Κεφάλαιο βιβλίου
KOHA link:https://koha.lib.tpu.ru/cgi-bin/koha/opac-detail.pl?biblionumber=314778

MARC

LEADER 00000nla2a2200000 4500
001 314778
005 20240118103720.0
035 |a (RuTPU)RU\TPU\book\340209 
035 |a RU\TPU\book\340206 
090 |a 314778 
100 |a 20160219d2015 km y0rusy50 ca 
101 0 |a rus  |a eng 
102 |a RU 
135 |a drnn ---uucaa 
181 0 |a i  
182 0 |a b 
200 1 |a Энергетическое обследование - первый шаг на пути к эффективному энергопотреблению  |f В. Я. Ушаков, Н. Н. Харлов  |d Energy inspection as the first step towards energy efficiency 
203 |a Текст  |c электронный 
215 |a 1 файл (1,8 Mb) 
300 |a Заглавие с титульного листа 
337 |a Adobe Reader 
461 1 |0 (RuTPU)RU\TPU\book\202435  |t Томский политехник  |o ежегодный журнал  |f Томский политехнический университет (ТПУ), Ассоциация выпускников  |d 1995- 
463 1 |0 (RuTPU)RU\TPU\book\340158  |t Вып. 20  |v [С. 50-55  |d 2015 
510 1 |a Energy inspection as the first step towards energy efficiency  |z eng 
610 1 |a труды учёных ТПУ 
610 1 |a электронный ресурс 
610 1 |a энергетическое обследование 
610 1 |a энергопотребление 
610 1 |a ТПУ 
610 1 |a Западная Сибирь 
610 1 |a ресурсосбережение 
700 1 |a Ушаков  |b В. Я.  |c специалист в области электроэнергетики  |c профессор Томского политехнического университета, доктор технических наук  |f 1939-  |g Василий Яковлевич  |3 (RuTPU)RU\TPU\pers\10509  |9 2236 
701 1 |a Харлов  |b Н. Н.  |c специалист в области энергетики  |c ведущий инженер Томского политехнического университета, кандидат технических наук  |f 1950-  |g Николай Николаевич  |3 (RuTPU)RU\TPU\pers\25691 
712 0 2 |a Национальный исследовательский Томский политехнический университет (ТПУ)  |b Энергетический институт (ЭНИН)  |b Кафедра электрических сетей и электротехники (ЭСиЭ)  |3 (RuTPU)RU\TPU\col\18677 
712 0 2 |a Национальный исследовательский Томский политехнический университет (ТПУ)  |b Энергетический институт (ЭНИН)  |b Региональный учебно-научно-технологический центр ресурсосбережения (РЦР)  |3 (RuTPU)RU\TPU\col\19222 
801 1 |a RU  |b 63413507  |c 20101101 
801 2 |a RU  |b 63413507  |c 20160225  |g RCR 
856 4 |u http://www.lib.tpu.ru/fulltext/v/Tomsk_polytechnic/2015/005.pdf 
942 |c CF